| 000 | 00541cam a2200157 a 4500 | ||
|---|---|---|---|
| 020 | _a0133749355 | ||
| 082 | 0 | 0 |
_a624.15136 _bBAR _cL-N01, P-89 |
| 100 | 1 |
_aBardet, Jean-Pierre. _942524 |
|
| 245 | 1 | 0 |
_aExperimental soil mechanics / _cby Jean-Pierre Bardet. |
| 260 |
_aUpper Saddle River, N.J. : _bPrentice Hall, _cc1997. |
||
| 300 |
_aviii, 583 p. : _bill. ; _c28 cm. + _e1 computer disk (3 1/2 in.) |
||
| 526 |
_a0 _b0 _c0 _d624_151360000000000_BAR |
||
| 650 | 0 |
_aMCE _9379 |
|
| 650 | 0 |
_aSoils _xTesting _xData processing. _942525 |
|
| 942 |
_2ddc _cBK |
||
| 999 |
_c546396 _d546396 |
||